| 000 | 00771nam a22002057a 4500 | ||
|---|---|---|---|
| 999 |
_c20813 _d20813 |
||
| 003 | AR-CdUCM | ||
| 008 | 190606b ||||| |||| 00| 0 spa d | ||
| 040 |
_aMUNICIPALIDAD PROVINCIAL DEL CUSCO _cBIBLIOTECA MUNICIPAL DEL CUSCO |
||
| 082 |
_a388.61 / _bP45 |
||
| 110 |
_aMinisterio de transportes y comunicaciones _934876 |
||
| 245 |
_aDocumento estadístico 1984 : _bDe la Dirección Departamental de Circulación Terrestre Cusco / |
||
| 260 |
_aCusco : _bDirección Departamental de Circulación Terrestre Cusco, _c1985. |
||
| 300 |
_a67 páginas; _bCuadros estadísticos, _c21 cm. |
||
| 505 | _aContenido: Documento estadístico. | ||
| 650 |
_aCusco _9772 |
||
| 650 |
_aComité _943478 |
||
| 650 |
_aVehículos _943479 |
||
| 942 |
_2ddc _cLIBROS |
||
| 945 | _aJavier | ||